Normal view
MARC view
Entry Personal Name
001 - CONTROL NUMBER
- control field: 4404
003 - CONTROL NUMBER IDENTIFIER
- control field: ARRUPE
005 - DATE AND TIME OF LATEST TRANSACTION
- control field: 20131129113733.0
008 - FIXED-LENGTH DATA ELEMENTS
- fixed length control field: 131129|| aca||aabn | a|a d
040 ## - CATALOGING SOURCE
- Original cataloging agency: ARRUPE
- Transcribing agency: ARRUPE
100 ## - HEADING--PERSONAL NAME
- Personal name: Glowczewska, Klara (tr)
670 ## - SOURCE DATA FOUND
- Source citation: Work cat.: (ARRUPE): Kapuscinski, Ryszard 4402, The Shadow of the sun, 2001